000 00420nam a22001697a 4500
003 MPLRDC
005 20220104143216.0
008 210129b ||||| |||| 00| 0 eng d
082 _a440.6 GF
100 _a海利. 高夫绘;
245 _a拍脑袋的发明
_c小云译
250 _a一版一刷
260 _a
_b光明日报出版社
_c1985
300 _b
650 _a专利与发明
942 _cBK
_o440.6 GF
999 _c37671
_d37661